| 000 | 01636cam a22002535a 4500 | ||
|---|---|---|---|
| 001 | L159073 | ||
| 008 | 130116s2016 xxkad f 000 0 eng d | ||
| 020 | _a9781907196522 | ||
| 035 | _a(Sirsi) u159073 | ||
| 041 | 0 | _aeng | |
| 050 | 0 | 4 | _a690.24 $2 18 |
| 110 | 2 |
_aBuilding Cost Information Service _91096 |
|
| 245 | 0 | 0 |
_aBCIS Occupancy cost report: offices _bMaintenance & operating costs |
| 260 |
_aLondon _bBCIS _c2016 |
||
| 300 |
_a80p. _c30cm. |
||
| 490 | 0 | _aBCIS Special Report | |
| 520 | _aProvides current occupancy benchmarks for two different types of office. It shows the projected annual occupancy costs for two projects, which should provide a strategic benchmark for similar buildings. The data is backed up with projected annual expenditure charts and detailed estimates for individual elements and components. With the introduction of the CDM Regulations in 1994, it became necessary for the contractor to hand over to the client, on completion of the contract, a complete Health and Safety file. The file should contain full operational and maintenance instructions and procedures for all elements of the building. Using this file, it should now be simpler for building occupiers to predict the likely maintenance and occupancy costs over the life of the building. This report shows how, through the receipt of this file, or following a condition survey on an existing building, a building manager can plan for future occupancy costs. | ||
| 521 | _aAdvanced | ||
| 650 | _aOFFICES | ||
| 651 | 4 |
_aUnited Kingdom _y |
|
| 690 |
_aCommercial property _96227 |
||
| 690 |
_aFacilities management _96240 |
||
| 942 | _n0 | ||
| 999 |
_c115662 _d115662 |
||